[Event "Rostov-ch"]
[Site "Rostov on Don"]
[Date "2010.??.??"]
[Round "2"]
[White "Karibov, Evgeny"]
[Black "Gladkiy, Dmitriy"]
[Result "1/2-1/2"]
[WhiteElo "2070"]
[BlackElo "2279"]
[PlyCount "34"]
[EventDate "2010.11.21"]
[EventType "swiss"]
[EventRounds "9"]
[EventCountry "RUS"]
[SourceTitle "EXT 2012"]
[Source "ChessBase"]
[SourceDate "2011.11.24"]
[SourceVersion "1"]
[SourceVersionDate "2011.11.24"]
[SourceQuality "1"]

1. e4 c5 2. Nf3 a6 3. Nc3 e6 4. d4 cxd4 5. Nxd4 Qc7 6. Bd3 Nf6 7. 0-0 Bc5 8. Nb3 Ba7 9. Kh1 b5 10. a3 h5 11. f4 Ng4 12. Qe2 Bb7 13. a4 Qd8 14. h3 Qh4 15. Qf3 Nf2+ 16. Kh2 Ng4+ 17. Kh1 Nf2+ 1/2-1/2

[Event "Arkhipo Osipovka Rating"]
[Site "Arkhipo Osipovka"]
[Date "2009.09.02"]
[Round "6"]
[White "Mavlyaveev, Vladimir"]
[Black "Karibov, Evgeny"]
[Result "0-1"]
[WhiteElo "1819"]
[BlackElo "2081"]
[PlyCount "106"]
[EventDate "2009.08.28"]
[EventType "tourn"]
[EventRounds "10"]
[EventCountry "RUS"]
[SourceTitle "EXT 2022"]
[Source "ChessBase"]
[SourceDate "2021.10.06"]
[SourceVersion "1"]
[SourceVersionDate "2021.10.06"]
[SourceQuality "1"]

1. e4 d6 2. d4 Nf6 3. Nc3 g6 4. g3 Bg7 5. Bg2 0-0 6. Nge2 e5 7. dxe5 dxe5 8. Bg5 c6 9. Qxd8 Rxd8 10. 0-0 h6 11. Rad1 Re8 12. Bc1 Na6 13. f4 Bg4 14. fxe5 Rxe5 15. Bf4 Ree8 16. Bxh6 Bxe2 17. Nxe2 Nxe4 18. Bxg7 Kxg7 19. Bxe4 Rxe4 20. Nc3 Re7 21. Rd2 Nc5 22. b4 Na6 23. a3 Nc7 24. Rfd1 f5 25. Rd7 Kf7 26. g4 Rae8 27. g5 Rxd7 28. Rxd7+ Re7 29. Rxe7+ Kxe7 30. Ne2 Ne6 31. h4 Kd6 32. c4 Ke5 33. Kf2 Ke4 34. c5 a5 35. bxa5 f4 36. a4 Nxc5 37. Nc3+ Kf5 38. Kf3 Ne6 39. Ne2 c5 40. Nc3 Nd4+ 41. Kf2 Ke5 42. Nb5 Nc6 43. Nc7 c4 44. h5 gxh5 45. g6 c3 46. g7 Ne7 47. a6 bxa6 48. Nxa6 Kf6 49. g8Q Nxg8 50. Nb4 Ne7 51. a5 Kf5 52. a6 Nc8 53. Nc6 Ke4 0-1

[Event "Arkhipo Osipovka Rating"]
[Site "Arkhipo Osipovka"]
[Date "2009.09.01"]
[Round "5"]
[White "Karibov, Evgeny"]
[Black "Bondarev, Boris"]
[Result "1-0"]
[WhiteElo "2081"]
[BlackElo "2087"]
[PlyCount "81"]
[EventDate "2009.08.28"]
[EventType "tourn"]
[EventRounds "10"]
[EventCountry "RUS"]
[SourceTitle "EXT 2022"]
[Source "ChessBase"]
[SourceDate "2021.10.06"]
[SourceVersion "1"]
[SourceVersionDate "2021.10.06"]
[SourceQuality "1"]

1. e4 e5 2. Nc3 f5 3. exf5 Nf6 4. d4 exd4 5. Qxd4 Nc6 6. Qd1 Bb4 7. a3 Bxc3+ 8. bxc3 0-0 9. Bd3 Re8+ 10. Ne2 d5 11. 0-0 h5 12. Bg5 Qd6 13. Ng3 Rf8 14. Bxf6 Qxf6 15. Qxh5 Ne5 16. Be2 Bxf5 17. Nxf5 Qxf5 18. Qxf5 Rxf5 19. f4 Ng6 20. g3 Rf6 21. Rad1 Rd8 22. Bf3 Ne7 23. Rfe1 Kf8 24. Re5 Ra6 25. Rde1 Ng6 26. Rf5+ Rf6 27. Rxd5 Rxd5 28. Bxd5 c6 29. Be4 Ne7 30. Kg2 Rd6 31. Kf2 b5 32. Bd3 Rh6 33. h4 a5 34. Kf3 Nc8 35. Re5 Nb6 36. h5 Rd6 37. g4 Nd7 38. Re2 Nc5 39. Bg6 Rd8 40. Re5 Nd7 41. Re6 1-0

[Event "Arkhipo Osipovka Rating"]
[Site "Arkhipo Osipovka"]
[Date "2009.08.31"]
[Round "3"]
[White "Karibov, Evgeny"]
[Black "Gladkov, Kirill"]
[Result "0-1"]
[WhiteElo "2081"]
[BlackElo "2038"]
[PlyCount "56"]
[EventDate "2009.08.28"]
[EventType "tourn"]
[EventRounds "10"]
[EventCountry "RUS"]
[SourceTitle "EXT 2022"]
[Source "ChessBase"]
[SourceDate "2021.10.06"]
[SourceVersion "1"]
[SourceVersionDate "2021.10.06"]
[SourceQuality "1"]

1. e4 e6 2. d4 d5 3. Nc3 Bb4 4. e5 c5 5. a3 Bxc3+ 6. bxc3 Ne7 7. Nf3 Qa5 8. Bd2 c4 9. g3 Bd7 10. Bh3 Nbc6 11. 0-0 0-0-0 12. Re1 h6 13. Nh4 Rde8 14. f4 Nf5 15. Nf3 f6 16. exf6 gxf6 17. Bxf5 exf5 18. Nh4 Re4 19. Ng2 h5 20. h3 Ne7 21. Rxe4 fxe4 22. g4 hxg4 23. hxg4 Rg8 24. f5 e3 25. Bxe3 Qxc3 26. Rc1 Nxf5 27. gxf5 Qxe3+ 28. Kf1 Qh3 0-1

[Event "RUS-chB U16"]
[Site "Dagomys"]
[Date "2009.04.19"]
[Round "5"]
[White "Karibov, Evgeny"]
[Black "Telenkov, Artur"]
[Result "1-0"]
[WhiteElo "2063"]
[BlackElo "1786"]
[PlyCount "31"]
[EventDate "2009.04.15"]
[EventType "swiss"]
[EventRounds "9"]
[EventCountry "RUS"]
[SourceTitle "EXT 2010"]
[Source "ChessBase"]
[SourceDate "2010.11.25"]
[SourceVersion "1"]
[SourceVersionDate "2010.11.25"]
[SourceQuality "1"]

1. e4 d5 2. exd5 Qxd5 3. d4 g6 4. Nc3 Qd8 5. Nf3 Bg7 6. Be3 Nh6 7. Qd2 Nf5 8. Bc4 Nc6 9. 0-0-0 Nxe3 10. fxe3 Bg4 11. Rhf1 e5 12. Bxf7+ Ke7 13. d5 Bf6 14. dxc6 Bxf3 15. Qd7+ Kf8 16. Rxf3 1-0

[Event "Rostov on Don-ch op"]
[Site "Rostov on Don"]
[Date "2008.12.??"]
[Round "7"]
[White "Karibov, Evgeny"]
[Black "Denisenko, Denis"]
[Result "1/2-1/2"]
[WhiteElo "2050"]
[BlackElo "2201"]
[PlyCount "103"]
[EventDate "2008.12.19"]
[EventType "swiss"]
[EventRounds "9"]
[EventCountry "RUS"]
[SourceTitle "EXT 2022"]
[Source "ChessBase"]
[SourceDate "2021.10.06"]
[SourceVersion "1"]
[SourceVersionDate "2021.10.06"]
[SourceQuality "1"]

1. e4 e6 2. d4 d5 3. Nc3 Bb4 4. e5 c5 5. a3 Bxc3+ 6. bxc3 Ne7 7. Nf3 Qc7 8. a4 Nbc6 9. Bd3 cxd4 10. cxd4 Nxd4 11. Nxd4 Qc3+ 12. Qd2 Qxa1 13. c3 Bd7 14. Nb5 0-0 15. 0-0 Qxa4 16. Nd6 Ng6 17. f4 Bc6 18. Qe3 Qb3 19. f5 exf5 20. Bxf5 Qb6 21. e6 Qxe3+ 22. Bxe3 fxe6 23. Bxe6+ Kh8 24. Nf7+ Rxf7 25. Bxf7 a5 26. Bd4 Rf8 27. Bxg6 Rxf1+ 28. Kxf1 hxg6 29. Bb6 a4 30. Bc5 g5 31. g4 Kh7 32. Be7 Kg6 33. Ke2 Kf7 34. Bxg5 a3 35. Bc1 a2 36. Bb2 g6 37. h4 Bd7 38. Kf3 Ke6 39. Kf4 Kd6 40. h5 gxh5 41. gxh5 Be8 42. h6 Bg6 43. Ke3 Kc5 44. Kd2 Kc4 45. Ba1 Kb3 46. Kc1 b5 47. Bb2 Kc4 48. Kd2 Bh7 49. Ba1 b4 50. cxb4 Kxb4 51. Bg7 Kc4 52. Ke3 1/2-1/2

[Event "Rostov on Don-ch op"]
[Site "Rostov on Don"]
[Date "2008.12.??"]
[Round "1"]
[White "Ustinov, Alexandr Yu"]
[Black "Karibov, Evgeny"]
[Result "1/2-1/2"]
[WhiteElo "1984"]
[BlackElo "2050"]
[PlyCount "43"]
[EventDate "2008.12.19"]
[EventType "swiss"]
[EventRounds "9"]
[EventCountry "RUS"]
[SourceTitle "EXT 2022"]
[Source "ChessBase"]
[SourceDate "2021.10.06"]
[SourceVersion "1"]
[SourceVersionDate "2021.10.06"]
[SourceQuality "1"]

1. e4 d6 2. d4 Nf6 3. Nc3 g6 4. Be2 Bg7 5. Be3 c6 6. f4 0-0 7. Nf3 b5 8. a3 a6 9. 0-0 Nbd7 10. Kh1 c5 11. e5 Ng4 12. Bg1 Bb7 13. Ng5 Nh6 14. e6 f6 15. Nge4 cxd4 16. Bxd4 Nb6 17. Ng3 Nd5 18. Bf3 Nxc3 19. Bxc3 Bxf3 20. Rxf3 Qc8 21. Qd5 Rb8 22. Re1 1/2-1/2

[Event "Voronezh op-B"]
[Site "Voronezh"]
[Date "2008.06.20"]
[Round "9"]
[White "Karibov, Evgeny"]
[Black "Zhurikhin, Alexander"]
[Result "1/2-1/2"]
[WhiteElo "1998"]
[BlackElo "2010"]
[PlyCount "69"]
[EventDate "2008.06.12"]
[EventType "swiss"]
[EventRounds "9"]
[EventCountry "RUS"]
[SourceTitle "CBM 125 Extra"]
[Source "ChessBase"]
[SourceDate "2008.09.01"]
[SourceVersion "1"]
[SourceVersionDate "2008.09.01"]
[SourceQuality "1"]

1. e4 e5 2. Nc3 Nf6 3. Bc4 Nc6 4. d3 Na5 5. Bb3 Nxb3 6. axb3 d5 7. Nf3 Bb4 8. 0-0 0-0 9. Qe2 Bxc3 10. bxc3 Re8 11. c4 dxe4 12. dxe4 Bg4 13. Bg5 Qd6 14. Qe3 Qc6 15. Bxf6 Qxf6 16. Ne1 a6 17. Nd3 Rad8 18. Nb4 c6 19. Nd3 Bc8 20. Nb2 Be6 21. Ra5 Qf4 22. Qxf4 exf4 23. Nd3 Bc8 24. f3 b6 25. Raa1 g5 26. Nb4 Rd2 27. Rf2 Rxf2 28. Kxf2 Bb7 29. Rd1 a5 30. Na2 Re7 31. Nc3 Kf8 32. Na4 b5 33. Nb2 Bc8 34. c5 f5 35. Re1 1/2-1/2

[Event "Voronezh op-B"]
[Site "Voronezh"]
[Date "2008.06.17"]
[Round "6"]
[White "Karibov, Evgeny"]
[Black "Grishchenko, Vladimir"]
[Result "1-0"]
[WhiteElo "1998"]
[BlackElo "2100"]
[PlyCount "65"]
[EventDate "2008.06.12"]
[EventType "swiss"]
[EventRounds "9"]
[EventCountry "RUS"]
[SourceTitle "CBM 125 Extra"]
[Source "ChessBase"]
[SourceDate "2008.09.01"]
[SourceVersion "1"]
[SourceVersionDate "2008.09.01"]
[SourceQuality "1"]

1. e4 c5 2. Nf3 e6 3. d4 cxd4 4. Nxd4 a6 5. Nc3 Qc7 6. Bd3 Nc6 7. Be3 Nf6 8. 0-0 Ne5 9. h3 b5 10. Qe2 Bb7 11. f4 Nc4 12. Ndxb5 axb5 13. Nxb5 Qb8 14. Bxc4 Nxe4 15. Bb6 Bd6 16. Qe3 0-0 17. Nxd6 Nxd6 18. Bd3 Re8 19. a4 Nf5 20. Qf2 Qd6 21. a5 Rac8 22. Rfe1 Qc6 23. b4 Nh4 24. Be4 d5 25. Bd3 Nf5 26. b5 Qc3 27. a6 Ba8 28. g4 Nd6 29. Bd4 Qc7 30. b6 Qe7 31. b7 Nxb7 32. axb7 Qxb7 33. Ba6 1-0

[Event "Anapa U18"]
[Site "Anapa"]
[Date "2007.08.??"]
[Round "1"]
[White "Karibov, Evgeny"]
[Black "Karabakhtsian, Adroniks"]
[Result "1/2-1/2"]
[WhiteElo "1975"]
[BlackElo "2302"]
[PlyCount "63"]
[EventDate "2007.08.25"]
[EventType "swiss"]
[EventRounds "9"]
[EventCountry "RUS"]
[SourceTitle "EXT 2022"]
[Source "ChessBase"]
[SourceDate "2021.10.06"]
[SourceVersion "1"]
[SourceVersionDate "2021.10.06"]
[SourceQuality "1"]

1. e4 e5 2. Nc3 g6 3. Bc4 Bg7 4. d3 Ne7 5. f4 Nbc6 6. Nf3 exf4 7. Bxf4 Na5 8. Bb3 Nxb3 9. axb3 0-0 10. 0-0 d5 11. Qc1 dxe4 12. Nxe4 f5 13. Nc3 c6 14. Bh6 Nd5 15. Bxg7 Kxg7 16. Nxd5 Qxd5 17. Qe3 c5 18. Ng5 Qd6 19. Rae1 b6 20. h4 h6 21. Nh3 Bb7 22. Nf4 Rae8 23. Qg3 Kh7 24. Qf2 Qf6 25. c3 Qf7 26. Qg3 Rg8 27. Nh3 Bd5 28. Qh2 Rgf8 29. c4 Bb7 30. Nf4 Qf6 31. Qg3 Rg8 32. Qf2 1/2-1/2

[Event "RUS-ch 60th zt"]
[Site "Rostov on Don"]
[Date "2007.03.??"]
[Round "6"]
[White "Karibov, Evgeny"]
[Black "Petrov, Artur"]
[Result "0-1"]
[WhiteElo "1933"]
[BlackElo "2166"]
[PlyCount "56"]
[EventDate "2007.03.16"]
[EventType "swiss"]
[EventRounds "9"]
[EventCountry "RUS"]
[SourceTitle "EXT 2022"]
[Source "ChessBase"]
[SourceDate "2021.10.06"]
[SourceVersion "1"]
[SourceVersionDate "2021.10.06"]
[SourceQuality "1"]

1. e4 Nf6 2. e5 Nd5 3. d4 d6 4. Nf3 g6 5. Bc4 Nb6 6. Bb3 Bg7 7. Ng5 d5 8. 0-0 0-0 9. f4 f6 10. Ne4 Nc6 11. Be3 Na5 12. Nc5 Nbc4 13. Bc1 Bh6 14. Bxc4 dxc4 15. c3 b6 16. Ne4 Bb7 17. Nbd2 Qd5 18. Qe2 fxe5 19. fxe5 Rxf1+ 20. Kxf1 Rf8+ 21. Kg1 c5 22. Kh1 cxd4 23. cxd4 Bxd2 24. Nxd2 Nc6 25. h3 Nxd4 26. Qg4 Rf2 27. Nf3 Nxf3 28. gxf3 Rxf3 0-1

[Event "RUS-ch 60th zt"]
[Site "Rostov on Don"]
[Date "2007.03.??"]
[Round "8"]
[White "Karibov, Evgeny"]
[Black "Travkina, Anastasia"]
[Result "0-1"]
[WhiteElo "1933"]
[BlackElo "2029"]
[PlyCount "80"]
[EventDate "2007.03.16"]
[EventType "swiss"]
[EventRounds "9"]
[EventCountry "RUS"]
[SourceTitle "EXT 2022"]
[Source "ChessBase"]
[SourceDate "2021.10.06"]
[SourceVersion "1"]
[SourceVersionDate "2021.10.06"]
[SourceQuality "1"]

1. e4 e6 2. d4 d5 3. Nc3 Nf6 4. Bg5 Be7 5. e5 Nfd7 6. Bxe7 Qxe7 7. f4 0-0 8. Nf3 c5 9. dxc5 Nxc5 10. Qd2 f6 11. exf6 Qxf6 12. g3 Rd8 13. 0-0-0 Nc6 14. Bb5 Ne4 15. Qe3 Nxc3 16. Qxc3 Qxc3 17. bxc3 Na5 18. Ne5 a6 19. Bf1 Nc6 20. Re1 Nxe5 21. Rxe5 Rd6 22. Bh3 g6 23. Rhe1 Kf7 24. g4 Bd7 25. Rd1 Rc8 26. Rd3 Rc4 27. Rf3 Kf6 28. Ree3 Rdc6 29. Rd3 R6c5 30. Rd4 Rxc3 31. Rxc3 Rxc3 32. Bg2 Bc6 33. Kb2 Re3 34. Rd2 e5 35. fxe5+ Kxe5 36. Rf2 Ke6 37. c3 Bb5 38. Rd2 Bc4 39. a3 Ke5 40. Kc2 Re2 0-1